Rakim - The 18th Letter tracklist - Statistics

General Stats
  • This quiz has been taken 9 times
  • The average score is 10 of 17
Answer Stats
# Answer % Correct
8. Guess Who's Back
100%
16. Guess Who's Back (Alternative Mix)
100%
4. It's Been a Long Time
67%
15. It's Been a Long Time (Suave House Mix)
67%
10. New York (Ya Out There)
67%
5. Remember That
67%
11. Show Me Love
67%
9. Stay a While
67%
2. The 18th Letter (Always and Forever)
67%
14. When I'm Flowin'
67%
1. Intro
33%
17. Outro
33%
3. Skit 1
33%
7. Skit 2
33%
12. Skit 3
33%
13. The Mystery (Who Is God?)
33%
6. The Saga Begins
33%
No matching quizzes found
Score Distribution
Percent of People with Each Score
Percentile by Number Answered
Your Score History
You have not taken this quiz